000 00322nam a2200133 i 4500
001 bg
100 1 _aTRAUTSOLT, S.
245 0 _aGeodezyjne urządzenia terenów rolnych /
_cS. Trautsolt. Cz.1.
260 _aWarszawa,
_c1985.
040 _cBPK
041 _apol
942 _cKS
008 s pl f |000 0 pol
999 _c2610
_d2610
856 _uhttp://koha.tu.koszalin.pl/cgi-bin/koha/opac-detail.pl?biblionumber=2610
_yKatalog online BPK